Vybrané problémy harmonizácie devízových kurzov v rámci RVHP čiastková úloha ŠPEV V-1/5.6.7
Saved in:
| Main Author: | |
|---|---|
| Format: | Book |
| Language: | Slovak |
| Published: |
Bratislava
Výskumný ústav finančnej a úverovej sústavy
1979
|
| Series: | Štúdie
4/79 |
| Tags: |
No Tags, Be the first to tag this record!
|
MARC
| LEADER | 00000nam a2200000 4500 | ||
|---|---|---|---|
| 001 | c142668 | ||
| 005 | 20041019155325.5 | ||
| 041 | 0 | |a slo | |
| 044 | |a SK | ||
| 245 | 1 | 0 | |a Vybrané problémy harmonizácie devízových kurzov v rámci RVHP |b čiastková úloha ŠPEV V-1/5.6.7 |c E. Hlavatý |
| 264 | 1 | |a Bratislava |b Výskumný ústav finančnej a úverovej sústavy |c 1979 | |
| 300 | |a 174 s. | ||
| 490 | 1 | |a Štúdie |v 4/79 | |
| 830 | 0 | |a Štúdie |v 4/79 | |
| 100 | 1 | |a Hlavatý, Egon | |